[Event "BCF-ch Seniors"]
[Site "Aberystwyth"]
[Date "2014.08.01"]
[Round "7"]
[White "Plater, Ronald"]
[Black "James, David"]
[Result "0-1"]
[WhiteElo "1897"]
[BlackElo "2184"]
[PlyCount "38"]
[EventDate "2014.07.26"]
[EventType "swiss"]
[EventRounds "7"]
[EventCountry "WLS"]
[SourceTitle "EXT 2017"]
[Source "ChessBase"]
[SourceDate "2016.10.25"]
[SourceVersion "1"]
[SourceVersionDate "2016.10.25"]
[SourceQuality "1"]

1. d4 Nf6 2. Nf3 e6 3. g3 d5 4. Bg2 Be7 5. 0-0 0-0 6. c4 dxc4 7. Nbd2 c3 8. bxc3 c5 9. Ba3 Nc6 10. dxc5 Qa5 11. Qb3 Rb8 12. Nd4 Nxd4 13. cxd4 Qxd2 14. e3 Qa5 15. Bb4 Qc7 16. Rfc1 Bd7 17. Qa3 Bc6 18. f3 Qd7 19. Qxa7 Ra8 0-1

[Event "BCF-chT3 1314 (4NCL)"]
[Site "England"]
[Date "2014.05.05"]
[Round "11.52"]
[White "Plater, Ronald"]
[Black "Graham, William M"]
[Result "0-1"]
[WhiteElo "1926"]
[BlackElo "1805"]
[PlyCount "68"]
[EventDate "2013.11.16"]
[EventType "team-swiss"]
[EventRounds "11"]
[EventCountry "ENG"]
[SourceTitle "EXT 2015"]
[Source "ChessBase"]
[SourceDate "2014.11.20"]
[SourceVersion "1"]
[SourceVersionDate "2014.11.20"]
[SourceQuality "1"]
[WhiteTeam "North East England II"]
[BlackTeam "Sussex Smart Survivors II"]
[WhiteTeamCountry "ENG"]
[BlackTeamCountry "ENG"]

1. d4 Nf6 2. Nf3 g6 3. c4 d6 4. Nc3 Bg7 5. Bg5 h6 6. Bh4 0-0 7. e3 Re8 8. Be2 Nbd7 9. 0-0 e5 10. Rc1 e4 11. Ne1 g5 12. Bg3 Nf8 13. Nc2 Bf5 14. d5 Ng6 15. Nd4 Bd7 16. b4 g4 17. c5 Bf8 18. cxd6 cxd6 19. Ndb5 Ne5 20. a4 a6 21. Na3 h5 22. Qd4 Bg7 23. a5 Nh7 24. Qd2 f5 25. Nc4 Nxc4 26. Bxc4 Rc8 27. Ne2 Qf6 28. Nf4 h4 29. Nh5 Qh6 30. Bf4 Qxh5 31. Bxd6 Ng5 32. Bf4 h3 33. Rfd1 hxg2 34. d6+ Rxc4 0-1

[Event "Reykjavik op"]
[Site "Reykjavik"]
[Date "2014.03.07"]
[Round "5"]
[White "Sigeman, Johan"]
[Black "Plater, Ronald"]
[Result "1-0"]
[WhiteElo "2123"]
[BlackElo "1938"]
[PlyCount "91"]
[EventDate "2014.03.04"]
[EventType "swiss"]
[EventRounds "10"]
[EventCountry "ISL"]
[SourceTitle "CBM 159 Extra"]
[Source "ChessBase"]
[SourceDate "2014.04.24"]
[SourceVersion "1"]
[SourceVersionDate "2014.04.24"]
[SourceQuality "1"]

1. c4 e6 2. Nc3 d5 3. d4 Nf6 4. Nf3 c6 5. g3 Nbd7 6. Bg2 Bd6 7. 0-0 0-0 8. Qc2 Re8 9. Rd1 Qe7 10. Bg5 h6 11. Bf4 Bxf4 12. gxf4 Nf8 13. Ne5 Nh5 14. e3 f5 15. Bf3 Nf6 16. Kh1 N6d7 17. cxd5 cxd5 18. Bh5 Rd8 19. Rg1 Nxe5 20. fxe5 Rd7 21. Nb5 Qh4 22. Qe2 g5 23. Nd6 Rg7 24. Ne8 Re7 25. Nf6+ Kh8 26. Rg3 Bd7 27. Qf1 g4 28. Bxg4 Nh7 29. Nxh7 Kxh7 30. Bf3 Rg7 31. Rc1 Bc6 32. Rh3 Qg5 33. Rh5 Qg6 34. Rh3 Rgg8 35. Rg3 Qf7 36. Qh3 Rxg3 37. hxg3 Rh8 38. Kg2 Kg8 39. Qh4 Kg7 40. Bh5 Qf8 41. b4 Qd8 42. Qxd8 Rxd8 43. Be2 a6 44. Bxa6 Kf7 45. Bxb7 Bxb7 46. Rc7+ 1-0

[Event "Reykjavik op"]
[Site "Reykjavik"]
[Date "2014.03.05"]
[Round "3"]
[White "Schou Moldt, Thomas"]
[Black "Plater, Ronald"]
[Result "1-0"]
[WhiteElo "2191"]
[BlackElo "1938"]
[PlyCount "55"]
[EventDate "2014.03.04"]
[EventType "swiss"]
[EventRounds "10"]
[EventCountry "ISL"]
[SourceTitle "CBM 159 Extra"]
[Source "ChessBase"]
[SourceDate "2014.04.24"]
[SourceVersion "1"]
[SourceVersionDate "2014.04.24"]
[SourceQuality "1"]

1. e4 c5 2. Nf3 e6 3. d4 cxd4 4. Nxd4 a6 5. Be2 Nf6 6. Nc3 d6 7. Be3 Be7 8. Qd2 Nc6 9. f4 Bd7 10. g4 0-0 11. g5 Ne8 12. h4 Rc8 13. Nxc6 Bxc6 14. Bg4 Bd7 15. 0-0-0 Qa5 16. Kb1 Rxc3 17. Qxc3 Qxc3 18. bxc3 Bc6 19. Rd4 Nc7 20. c4 f5 21. gxf6 Bxf6 22. Rxd6 Bxe4 23. Rg1 Bxh4 24. Rd7 Rf7 25. Rd2 Bf6 26. Bb6 h6 27. Bh5 Re7 28. Bc5 1-0

[Event "BCF-ch Senior"]
[Site "Torquay"]
[Date "2013.08.03"]
[Round "1.74"]
[White "Myall, Ivan J"]
[Black "Plater, Ronald"]
[Result "0-1"]
[WhiteElo "2087"]
[BlackElo "1878"]
[PlyCount "120"]
[EventDate "2013.08.03"]
[EventType "swiss"]
[EventRounds "7"]
[EventCountry "ENG"]
[SourceTitle "EXT 2023"]
[Source "ChessBase"]
[SourceDate "2022.10.05"]
[SourceVersion "1"]
[SourceVersionDate "2022.10.05"]
[SourceQuality "1"]

1. e4 c5 2. c3 b6 3. d4 Bb7 4. Bd3 Nf6 5. f3 cxd4 6. cxd4 Nc6 7. Be3 g6 8. Nc3 d6 9. Qa4 a6 10. Nh3 Bg7 11. 0-0 0-0 12. Qd1 b5 13. Qd2 Rc8 14. a4 b4 15. Ne2 a5 16. Rac1 Nd7 17. Kh1 e6 18. Ng5 Qe7 19. f4 Ncb8 20. Rxc8 Rxc8 21. f5 exf5 22. exf5 Nf6 23. fxg6 hxg6 24. Ng3 Nbd7 25. Bf4 Nb6 26. Re1 Qc7 27. b3 Nbd5 28. N3e4 Nxf4 29. Qxf4 Nxe4 30. Nxe4 Bxe4 31. Bxe4 Bxd4 32. Bd5 Be5 33. Qg4 Kg7 34. g3 Qc3 35. Rf1 Rc7 36. Qe2 Qd4 37. Qf3 f6 38. Bc4 f5 39. Qa8 Ra7 40. Qg8+ Kh6 41. Bd5 Bg7 42. Rf4 Qd1+ 43. Kg2 Re7 44. Bf3 Qc2+ 45. Kh3 g5 46. Qd5 g4+ 47. Bxg4 fxg4+ 48. Rxg4 Be5 49. Rh4+ Kg7 50. Rg4+ Kf6 51. Rh4 Qf5+ 52. Kg2 Rc7 53. Rc4 Rf7 54. g4 Qh7 55. h3 Qh4 56. Qf3+ Kg7 57. Qe3 Qf6 58. Qe2 d5 59. g5 Qf5 60. Rg4 Rc7 0-1

[Event "BCF-chT2d 1213 (4NCL) Demotion pool"]
[Site "England"]
[Date "2013.03.24"]
[Round "8.55"]
[White "Plater, Ronald"]
[Black "Rosen, Daniel B"]
[Result "0-1"]
[WhiteElo "1934"]
[BlackElo "2085"]
[PlyCount "56"]
[EventDate "2012.11.03"]
[EventType "team-tourn"]
[EventRounds "4"]
[EventCountry "ENG"]
[SourceTitle "EXT 2014"]
[Source "ChessBase"]
[SourceDate "2013.11.20"]
[SourceVersion "1"]
[SourceVersionDate "2013.11.20"]
[SourceQuality "1"]
[WhiteTeam "North East England"]
[BlackTeam "Poisoned Pawns"]
[WhiteTeamCountry "ENG"]
[BlackTeamCountry "ENG"]

1. d4 f5 2. h4 Nf6 3. h5 e6 4. Bg5 c5 5. Bxf6 Qxf6 6. c3 Nc6 7. Nf3 Be7 8. e3 0-0 9. Nbd2 b6 10. Bd3 cxd4 11. exd4 Bb7 12. Qe2 a6 13. Nc4 b5 14. Nb6 Rad8 15. a4 Na7 16. axb5 Nxb5 17. Bxb5 axb5 18. Qxb5 Bc6 19. Qe2 Rb8 20. Ra6 Bd8 21. Nxd7 Bxd7 22. Rd6 Qe7 23. Ra6 Re8 24. Ra2 Bb5 25. c4 Qb4+ 26. Nd2 Bc6 27. 0-0 Bf6 28. Nf3 Bxf3 0-1

[Event "BCF-ch Senior"]
[Site "North Shields"]
[Date "2012.07.31"]
[Round "4.11"]
[White "Plater, Ronald"]
[Black "Reuben, Stewart"]
[Result "0-1"]
[WhiteElo "1900"]
[BlackElo "2045"]
[PlyCount "74"]
[EventDate "2012.07.28"]
[EventType "swiss"]
[EventRounds "7"]
[EventCountry "ENG"]
[SourceTitle "EXT 2023"]
[Source "ChessBase"]
[SourceDate "2022.10.05"]
[SourceVersion "1"]
[SourceVersionDate "2022.10.05"]
[SourceQuality "1"]

1. Nf3 c5 2. g3 g6 3. Bg2 Bg7 4. 0-0 Nc6 5. c4 Nh6 6. a3 Nf5 7. e3 h5 8. Qc2 d6 9. Nc3 Bd7 10. b3 Rb8 11. Bb2 0-0 12. Nd5 b5 13. Bxg7 Kxg7 14. Qc3+ e5 15. cxb5 Rxb5 16. d3 Be6 17. Nd2 Nce7 18. Nxe7 Qxe7 19. Rfb1 f6 20. b4 d5 21. bxc5 d4 22. Qc2 Rxc5 23. Qa4 dxe3 24. fxe3 Nxe3 25. Rb7 Rc7 26. Qxa7 Rxb7 27. Qxb7 Qxb7 28. Bxb7 Nc2 29. Rc1 Nxa3 30. Kf2 Nb5 31. Nf3 Rb8 32. Ba6 Rb6 33. Bc8 Bd5 34. Rc5 Bxf3 35. Kxf3 Nd4+ 36. Ke3 Rb2 37. h3 Re2# 0-1

[Event "BCF-ch Senior"]
[Site "North Shields"]
[Date "2012.07.29"]
[Round "2.10"]
[White "Habershon, Paul F"]
[Black "Plater, Ronald"]
[Result "1-0"]
[WhiteElo "2134"]
[BlackElo "1900"]
[PlyCount "79"]
[EventDate "2012.07.28"]
[EventType "swiss"]
[EventRounds "7"]
[EventCountry "ENG"]
[SourceTitle "EXT 2023"]
[Source "ChessBase"]
[SourceDate "2022.10.05"]
[SourceVersion "1"]
[SourceVersionDate "2022.10.05"]
[SourceQuality "1"]

1. e4 c6 2. d3 g6 3. g3 Bg7 4. Bg2 d5 5. Nd2 e5 6. Ngf3 Ne7 7. 0-0 0-0 8. b3 d4 9. Nc4 f6 10. a4 b6 11. Nfd2 Be6 12. f4 b5 13. axb5 cxb5 14. Na5 Nbc6 15. Nxc6 Nxc6 16. Nf3 Qc8 17. fxe5 fxe5 18. Ng5 Rxf1+ 19. Qxf1 a5 20. Nxe6 Qxe6 21. Bh3 Qe7 22. Bd2 a4 23. bxa4 bxa4 24. Qb1 a3 25. Qb5 Qd6 26. Qc4+ Kh8 27. Be6 Bf8 28. Bd5 Rc8 29. Qa6 Rc7 30. Rf1 Kg7 31. Qa8 Nb4 32. Rxf8 Nxd5 33. Rg8+ Kf6 34. exd5 Rxc2 35. Rf8+ Kg7 36. Rd8 Qe7 37. Rg8+ Kf6 38. Re8 Qc5 39. Qd8+ Kf7 40. Qd7+ 1-0

[Event "Gibraltar Challengers-A 8th"]
[Site "Caleta"]
[Date "2010.01.26"]
[Round "1"]
[White "Seitz, Benjamin"]
[Black "Plater, Ronald"]
[Result "0-1"]
[WhiteElo "2017"]
[BlackElo "1904"]
[PlyCount "124"]
[EventDate "2010.01.26"]
[EventType "swiss"]
[EventRounds "5"]
[EventCountry "GGB"]
[SourceTitle "CBM 134 Extra"]
[Source "ChessBase"]
[SourceDate "2010.03.03"]
[SourceVersion "1"]
[SourceVersionDate "2010.03.03"]
[SourceQuality "1"]

1. Nf3 Nf6 2. d4 g6 3. c4 Bg7 4. Nc3 d5 5. e3 0-0 6. cxd5 Nxd5 7. Bc4 Nxc3 8. bxc3 c5 9. 0-0 Nc6 10. Ba3 cxd4 11. cxd4 a6 12. Rc1 h6 13. d5 Ne5 14. Nxe5 Bxe5 15. f4 Bd6 16. Bb2 Qb6 17. Qd2 Bf5 18. Kh1 Rac8 19. Bb3 f6 20. Qe2 Qb4 21. Bd4 Kg7 22. Bc2 Rxc2 23. Rxc2 Bxc2 24. Qxc2 Qb5 25. Rd1 Qd7 26. Qd3 Qg4 27. Rc1 Kf7 28. Rc2 Rd8 29. h3 Qh5 30. Bb6 Rd7 31. Qe4 Qf5 32. Qc4 Bb8 33. d6+ Qe6 34. Qxe6+ Kxe6 35. dxe7 Rxe7 36. Rc8 Bd6 37. Bd4 g5 38. Rf8 Rf7 39. Rxf7 Kxf7 40. fxg5 hxg5 41. g4 b5 42. Kg2 Ke6 43. e4 Be5 44. Bb6 Kd7 45. Kf3 Kc6 46. Bf2 b4 47. Ke3 Kb5 48. Kd3 a5 49. h4 gxh4 50. Bxh4 Ka4 51. Kc2 Ka3 52. Kb1 b3 53. axb3 Kxb3 54. Bf2 a4 55. Bc5 Kc4 56. Be7 Kb3 57. Bf8 Bb2 58. Be7 a3 59. Bxa3 Bxa3 60. e5 fxe5 61. g5 Be7 62. g6 Bf6 0-1